Normal view
MARC view
Entry Término temático
001 - NÚMERO DE CONTROL
- campo de control: 29722
003 - IDENTIFICADOR DEL NÚMERO DE CONTROL
- campo de control: FranzMayer
005 - FECHA Y HORA DE LA ÚLTIMA TRANSACCIÓN
- campo de control: 20230908103608.0
008 - DATOS DE LONGITUD FIJA
- campo de control de longitud fija: 230908|| aca||aabn | a|a d
040 ## - FUENTE DE LA CATALOGACIÓN
- Centro catalogador/agencia de origen: FranzMayer
- Centro/agencia transcriptor: FranzMayer
150 ## - ENCABEZAMIENTO--TÉRMINO DE MATERIA
- Término de materia o nombre geográfico como elemento de entrada: Imprentas y grabados
- Subdivisión de forma: Grabados
670 ## - FUENTE DE DATOS ENCONTRADOS
- Cita de la fuente: Work cat.: (FranzMayer)11057: Responsable Editorial empresario 29721, De una selección de arte mexicano, 1990